| 000 | 01054nam a2200289 i 4500 | ||
|---|---|---|---|
| 003 | CO-BoRNBP | ||
| 005 | 20241121165824.0 | ||
| 007 | ta | ||
| 008 | 241121s2025 ck a|||| |||| 00| 0 spa d | ||
| 020 | _a9786287593985 | ||
| 040 |
_aCO-BoRNBP _bspa _cCO-BoRNBP _erda |
||
| 041 |
_aspa _heng |
||
| 082 |
_a813.6 S13t _bS13t |
||
| 100 | 1 |
_aSchimel, Lawrence _eautor _944052 |
|
| 245 | 1 |
_aTodo igual _cLawrence Schimel; ilustraciones, Paz Rodero; traducción, María Alejandra Cañas Moreno; dirección general, Alfonso Rubiano |
|
| 250 | _aPrimera edición | ||
| 264 | 4 |
_aBogotá, Colombia. _bEnlace Editorial _c©2024 |
|
| 300 |
_apáginas sin numerar, _bilustraciones a color, _c22 cm. _eCartilla de entranamiento de lectura |
||
| 336 |
_2rdacontent _atexto _btxt |
||
| 337 |
_2rdamedia _asin mediación _bn |
||
| 338 |
_2rdacarrier _avolumen _bnc |
||
| 490 | _aColección El Tren Dorado, Primera estación | ||
| 650 | 1 | 7 |
_2LEMB _aLiteratura infantil _92746 |
| 650 | 1 | 7 |
_2LEMB _aCuento infantil _916411 |
| 650 | 1 | 7 |
_2LEMB _aColores _938401 |
| 942 |
_2ddc _cBKINF |
||
| 999 |
_c38573 _d38573 |
||